[Event "Dubrovnik op"]
[Site "Dubrovnik"]
[Date "2008.04.24"]
[Round "5"]
[White "Vlatkovic, Milos"]
[Black "Bistric, Faruk"]
[Result "0-1"]
[WhiteElo "2314"]
[BlackElo "2382"]
[PlyCount "66"]
[EventDate "2008.04.24"]
[EventType "swiss"]
[EventRounds "7"]
[EventCountry "CRO"]
[SourceTitle "CBM 124 Extra"]
[Source "ChessBase"]
[SourceDate "2008.07.03"]
[SourceVersion "1"]
[SourceVersionDate "2008.07.03"]
[SourceQuality "1"]

1. d4 Nf6 2. c4 c5 3. Nf3 cxd4 4. Nxd4 b6 5. Nc3 Bb7 6. f3 Nc6 7. e4 Qb8 8. Be3 e6 9. Qd2 Be7 10. Be2 0-0 11. g4 Rd8 12. g5 Nh5 13. f4 Nxd4 14. Bxh5 Nf5 15. exf5 Bxh1 16. 0-0-0 Qb7 17. f6 Bb4 18. fxg7 Rac8 19. Qd3 Bxc3 20. Bxf7+ Kxf7 21. Qxh7 Bxg7 22. g6+ Kf8 23. b3 Qe4 24. Bd4 Qxf4+ 25. Kc2 Be4+ 26. Kc3 e5 27. Kb2 exd4 28. Qh3 d3+ 29. Ka3 Qd6+ 30. b4 Rxc4 31. Rf1+ Ke8 32. Rb1 Rxb4 33. Rxb4 a5 0-1

[Event "Abu Dhabi op 16th"]
[Site "Abu Dhabi"]
[Date "2006.08.20"]
[Round "8"]
[White "Bistric, Faruk"]
[Black "Ahmed, Ishaq"]
[Result "1-0"]
[WhiteElo "2426"]
[BlackElo "2113"]
[PlyCount "97"]
[EventDate "2006.08.12"]
[EventType "swiss"]
[EventRounds "9"]
[EventCountry "UAE"]
[SourceTitle "CBM 113 Extra"]
[Source "ChessBase"]
[SourceDate "2006.09.14"]
[SourceVersion "1"]
[SourceVersionDate "2006.09.14"]
[SourceQuality "1"]

1. e4 c5 2. Nf3 g6 3. c4 Nc6 4. d4 cxd4 5. Nxd4 Bg7 6. Be3 Nf6 7. Nc3 0-0 8. Be2 d6 9. 0-0 Nxd4 10. Bxd4 Nd7 11. Re1 a5 12. h4 Nc5 13. h5 Bxd4 14. Qxd4 h6 15. e5 Ne6 16. Qe3 Kh7 17. Rad1 Ng7 18. c5 Nf5 19. Qf3 Bd7 20. Bd3 Rg8 21. Bxf5 gxf5 22. cxd6 e6 23. Qxb7 Rb8 24. Qf3 Rc8 25. Qe3 Bc6 26. f3 Qh4 27. Re2 Qxh5 28. Kf1 Qh1+ 29. Qg1 Qxg1+ 30. Kxg1 Bxf3 31. d7 Rcd8 32. Rd6 Bxe2 33. Nxe2 Rg4 34. Nd4 Rxd4 35. Rxd4 f6 36. Ra4 Rxd7 37. Rxa5 Rd1+ 38. Kh2 fxe5 39. Rxe5 Rd2 40. Rb5 Kg6 41. a4 e5 42. a5 f4 43. a6 Rd1 44. b4 Rd8 45. Rxe5 Kf6 46. Rh5 Ke7 47. b5 Ke8 48. b6 Rd6 49. a7 1-0

[Event "Abu Dhabi op 16th"]
[Site "Abu Dhabi"]
[Date "2006.08.19"]
[Round "7"]
[White "Ashwin, Jayaram"]
[Black "Bistric, Faruk"]
[Result "1/2-1/2"]
[WhiteElo "2221"]
[BlackElo "2426"]
[PlyCount "80"]
[EventDate "2006.08.12"]
[EventType "swiss"]
[EventRounds "9"]
[EventCountry "UAE"]
[SourceTitle "CBM 113 Extra"]
[Source "ChessBase"]
[SourceDate "2006.09.14"]
[SourceVersion "1"]
[SourceVersionDate "2006.09.14"]
[SourceQuality "1"]

1. e4 c5 2. Nf3 e6 3. d4 cxd4 4. Nxd4 Nf6 5. Nc3 d6 6. Be3 a6 7. f3 b5 8. g4 Bb7 9. Qd2 Be7 10. 0-0-0 Nfd7 11. g5 Nb6 12. Ndxb5 axb5 13. Qd4 Bxg5 14. f4 Bf6 15. Qxb6 Qxb6 16. Bxb6 Bxc3 17. bxc3 Bxe4 18. Bxb5+ Ke7 19. Rhe1 f5 20. a4 Rc8 21. Kb2 Nc6 22. c4 Na5 23. c5 Nb7 24. Rxe4 fxe4 25. c6 Na5 26. c7 d5 27. Ka3 Kd6 28. c4 Nxc4+ 29. Bxc4 Kc6 30. a5 dxc4 31. Kb4 Rf8 32. Kxc4 Rac8 33. Rd8 Kb7 34. Kd4 Rxf4 35. a6+ Kxa6 36. Rxc8 Kxb6 37. Rg8 Kxc7 38. Rxg7+ Kd6 39. Rxh7 e5+ 40. Ke3 Rg4 1/2-1/2

[Event "Abu Dhabi op 16th"]
[Site "Abu Dhabi"]
[Date "2006.08.16"]
[Round "5"]
[White "Mahmoody, M Sadegh"]
[Black "Bistric, Faruk"]
[Result "0-1"]
[WhiteElo "2242"]
[BlackElo "2426"]
[PlyCount "134"]
[EventDate "2006.08.12"]
[EventType "swiss"]
[EventRounds "9"]
[EventCountry "UAE"]
[SourceTitle "CBM 113 Extra"]
[Source "ChessBase"]
[SourceDate "2006.09.14"]
[SourceVersion "1"]
[SourceVersionDate "2006.09.14"]
[SourceQuality "1"]

1. d4 Nf6 2. Nf3 b6 3. g3 Bb7 4. Bg2 c5 5. dxc5 bxc5 6. c4 g6 7. Nc3 Bg7 8. 0-0 0-0 9. h3 d6 10. Qd3 Nc6 11. e4 Rb8 12. Bg5 Ne8 13. Rad1 Nc7 14. Qd2 Ne6 15. Bh6 Qa5 16. Bxg7 Kxg7 17. b3 Ned4 18. Nxd4 Nxd4 19. f4 f6 20. Rf2 Bc6 21. Rdf1 e5 22. Kh2 Qc7 23. h4 h6 24. fxe5 dxe5 25. g4 Qe7 26. Qe3 Rbd8 27. Kg1 Ne6 28. Nd5 Bxd5 29. cxd5 Nd4 30. Rc1 Rc8 31. Rc4 Rb8 32. Qc3 Rfc8 33. Ra4 Rc7 34. Ra6 Rb6 35. Qc4 Qd7 36. Rxb6 axb6 37. Qa6 Qd6 38. h5 Rf7 39. hxg6 Kxg6 40. Qd3 Rg7 41. Qh3 Kh7 42. Qh5 Rg6 43. Kh2 Kg7 44. Bh3 Qb8 45. Qh4 Qa7 46. d6 Qd7 47. Rxf6 Rxf6 48. Qxf6+ Kxf6 49. g5+ Kxg5 50. Bxd7 Kf6 51. Kg2 Ne2 52. Kf3 Nc1 53. Bc8 Nxa2 54. d7 Ke7 55. Kg4 Nb4 56. Kf5 Nc6 57. Ba6 Kxd7 58. Kg6 Na5 59. Bb5+ Kd6 60. Ba4 c4 61. bxc4 Kc5 62. Kxh6 Nxc4 63. Kg5 b5 64. Bb3 Nd2 65. Bd5 b4 66. Kg4 b3 67. Kg3 Nc4 0-1

[Event "Abu Dhabi op 16th"]
[Site "Abu Dhabi"]
[Date "2006.08.14"]
[Round "3"]
[White "Bistric, Faruk"]
[Black "Khouri, Ibrahim Mohamed"]
[Result "1-0"]
[WhiteElo "2426"]
[BlackElo "2035"]
[PlyCount "109"]
[EventDate "2006.08.12"]
[EventType "swiss"]
[EventRounds "9"]
[EventCountry "UAE"]
[SourceTitle "CBM 113 Extra"]
[Source "ChessBase"]
[SourceDate "2006.09.14"]
[SourceVersion "1"]
[SourceVersionDate "2006.09.14"]
[SourceQuality "1"]

1. e4 d5 2. Nc3 d4 3. Nce2 c5 4. Ng3 Nc6 5. f4 g6 6. Nf3 Bg7 7. Bb5 e6 8. Bxc6+ bxc6 9. d3 Ne7 10. 0-0 0-0 11. Qe2 f5 12. Bd2 Rb8 13. b3 Re8 14. Rae1 Bd7 15. h4 h5 16. Ng5 Nc8 17. Rf3 Bf6 18. Nf1 Bxg5 19. hxg5 Nd6 20. Qf2 Qb6 21. Bc1 Qa5 22. e5 Nc8 23. a4 Qc3 24. Qd2 Qb4 25. Bb2 Qb6 26. Qf2 Qa5 27. Nd2 Nb6 28. Rc1 Nd5 29. Ba3 Ne3 30. Rxe3 dxe3 31. Qxe3 Qc3 32. Bxc5 a6 33. Nc4 Red8 34. Be7 Rdc8 35. Qa7 Rd8 36. Bxd8 Rxd8 37. Qb6 Rf8 38. Qc5 Rd8 39. Qb6 Rf8 40. Kf2 Rc8 41. Ke3 c5 42. Qd6 Rd8 43. Nb6 Qd4+ 44. Qxd4 cxd4+ 45. Kf2 Be8 46. Nc4 Rb8 47. Nd2 Rb4 48. Ke2 Bc6 49. Nf3 Kf7 50. Rf1 Bxf3+ 51. Rxf3 a5 52. Kd2 Ke7 53. Kc1 Kd7 54. Kb2 Kc6 55. Rf1 1-0

[Event "Dubai op 08th"]
[Site "Dubai"]
[Date "2006.04.29"]
[Round "7"]
[White "Bistric, Faruk"]
[Black "So, Wesley"]
[Result "1/2-1/2"]
[WhiteElo "2430"]
[BlackElo "2254"]
[PlyCount "68"]
[EventDate "2006.04.23"]
[EventType "swiss"]
[EventRounds "9"]
[EventCountry "UAE"]
[SourceTitle "EXT 2007"]
[Source "ChessBase"]
[SourceDate "2006.11.23"]
[SourceVersion "1"]
[SourceVersionDate "2006.11.23"]
[SourceQuality "1"]

1. e4 c5 2. Nf3 Nc6 3. Bb5 g6 4. 0-0 Bg7 5. Re1 Nf6 6. d3 0-0 7. Bxc6 dxc6 8. Bd2 Bg4 9. Bc3 Ne8 10. Nbd2 e5 11. h3 Bxf3 12. Qxf3 Nc7 13. Qg3 Qe7 14. a4 b5 15. b3 Qd6 16. Nf3 f6 17. h4 Ne6 18. h5 g5 19. Nh2 Nd4 20. Bxd4 cxd4 21. Ng4 h6 22. Qf3 Qe6 23. Ra2 Rf7 24. Rea1 a6 25. axb5 cxb5 26. Ra5 Rfa7 27. Kh2 Kf7 28. g3 Bf8 29. Qe2 Kg7 30. Rg1 Bd6 31. Kh1 Rc8 32. Rga1 Rca8 33. Rf1 Re8 34. Rfa1 Rea8 1/2-1/2

[Event "Dubai op 08th"]
[Site "Dubai"]
[Date "2006.04.28"]
[Round "6"]
[White "Narayanan, Srinath"]
[Black "Bistric, Faruk"]
[Result "0-1"]
[WhiteElo "2170"]
[BlackElo "2430"]
[PlyCount "76"]
[EventDate "2006.04.23"]
[EventType "swiss"]
[EventRounds "9"]
[EventCountry "UAE"]
[SourceTitle "EXT 2007"]
[Source "ChessBase"]
[SourceDate "2006.11.23"]
[SourceVersion "1"]
[SourceVersionDate "2006.11.23"]
[SourceQuality "1"]

1. e4 c5 2. Nf3 e6 3. d4 cxd4 4. Nxd4 a6 5. Bd3 Qb6 6. Nb3 Qc7 7. 0-0 Nf6 8. Nc3 d6 9. f4 Nbd7 10. Qf3 b5 11. Be3 Bb7 12. Rae1 Be7 13. a3 Rc8 14. Qh3 Qb8 15. Kh1 0-0 16. Bd2 Rfd8 17. Nd4 Nc5 18. Re2 Nxd3 19. cxd3 Bf8 20. Nf3 Re8 21. d4 Qa8 22. e5 Ne4 23. Ng5 Nxg5 24. fxg5 dxe5 25. dxe5 Rc7 26. Nd1 Rd7 27. Ne3 Qd8 28. g6 hxg6 29. Be1 Qg5 30. Ng4 Rd4 31. Ne3 Red8 32. Kg1 Bc5 33. Bf2 Rd2 34. Ree1 R8d3 35. g4 Rxf2 36. Kxf2 Qf4+ 37. Ke2 Rxe3+ 38. Kd1 Qd4+ 0-1

[Event "Dubai op 08th"]
[Site "Dubai"]
[Date "2006.04.27"]
[Round "5"]
[White "Bistric, Faruk"]
[Black "Ihsan, Jawad"]
[Result "1/2-1/2"]
[WhiteElo "2430"]
[BlackElo "2172"]
[PlyCount "55"]
[EventDate "2006.04.23"]
[EventType "swiss"]
[EventRounds "9"]
[EventCountry "UAE"]
[SourceTitle "EXT 2007"]
[Source "ChessBase"]
[SourceDate "2006.11.23"]
[SourceVersion "1"]
[SourceVersionDate "2006.11.23"]
[SourceQuality "1"]

1. e4 c5 2. Nf3 Nc6 3. Bb5 g6 4. 0-0 Bg7 5. Re1 e5 6. Bxc6 dxc6 7. a4 Qe7 8. d3 Nf6 9. Nbd2 Nd7 10. a5 Nf8 11. Nc4 f6 12. Be3 Ne6 13. c3 0-0 14. Qb3 Kh8 15. Rad1 Rd8 16. h3 Rb8 17. d4 cxd4 18. cxd4 exd4 19. Nxd4 Nxd4 20. Bxd4 c5 21. Bxc5 Rxd1 22. Bxe7 Rxe1+ 23. Kh2 Rxe4 24. Bd6 Ra8 25. Bg3 h5 26. Qd3 Bf5 27. a6 bxa6 28. Nd6 1/2-1/2

[Event "Fajr op 14th"]
[Site "Tehran"]
[Date "2006.01.29"]
[Round "7"]
[White "Bistric, Faruk"]
[Black "Honari, Kaveh"]
[Result "1-0"]
[WhiteElo "2434"]
[BlackElo "2227"]
[PlyCount "87"]
[EventDate "2006.01.24"]
[EventType "swiss"]
[EventRounds "9"]
[EventCountry "IRI"]
[SourceTitle "CBM 110 Extra"]
[Source "ChessBase"]
[SourceDate "2006.03.10"]
[SourceVersion "2"]
[SourceVersionDate "2006.03.10"]
[SourceQuality "1"]

1. Nf3 g6 2. e4 d6 3. d4 Nf6 4. Nc3 Bg7 5. Be2 0-0 6. 0-0 c6 7. a4 Qc7 8. Re1 Nbd7 9. Bc4 e5 10. dxe5 dxe5 11. b3 Nb6 12. Bd3 a5 13. Bd2 h6 14. Ne2 Nh5 15. Qc1 Kh7 16. Bc3 Bg4 17. Nd2 Bxe2 18. Bxe2 Nf4 19. Bf1 Ne6 20. h4 Nd4 21. h5 Qe7 22. Bxd4 exd4 23. e5 Qg5 24. Nf3 Qxh5 25. Qf4 Nd5 26. Qxd4 Qf5 27. Bd3 Qe6 28. Rad1 Rad8 29. Bc4 Qf5 30. Bd3 Qe6 31. Qh4 Kg8 32. Bc4 g5 33. Qe4 Nc3 34. Rxd8 Rxd8 35. Qe3 Nd5 36. Qa7 Qf5 37. Qxb7 Nf4 38. Qxc6 Qg4 39. g3 Nh3+ 40. Kf1 Qf5 41. Qe4 Qxe4 42. Rxe4 h5 43. e6 g4 44. e7 1-0